Da Vinci e o se código de vida (Record no. 44803)

MARC details
000 -Etiqueta do registo
Valores 00497nam a2200193 4500
100 ## - Dados gerais de processamento
Dados gerais 20250922 pory50
101 ## - Língua de publicação
Língua por
102 ## - País de publicação
País PT
200 ## - Titulo e menção de responsabilidade
Título próprio Da Vinci e o se código de vida
Primeira menção de responsabilidade prod. e realiz. Robert Gardner
Outras menções de responsabilidade Canal História
210 ## - Publicação
Local de publicação [S.l.]
Nome do editor Divisa Home Video ,
-- para a RBA (dist.)
Data de publicação 2012
215 ## - Descrição física 
Paginação / Volumes 1 DVD
300 ## - Notas gerais 
Texto da nota M/6<br/>91 m.
600 ## - Nome de pessoa usado como assunto
Apelido Da Vinci
Nome Leonardo
675 ## - CDU
Notação 929
675 ## - CDU
Notação 7
801 ## - Fonte de origem
País PT
Regras de catalogação RPC
990 ## - Elementos KOHA
Tipo de documento Filme DVD
Holdings
Aquisição Empréstimo Código de barras Cota Permissão de empréstimo Tipo de documento Nota relativa ao exemplar
Biblioteca Escolar Doutor Hernâni Cidade Biblioteca Escolar Doutor Hernâni Cidade 80950 DOC ART GAR   Livro 487 documentário sobre Leonardo Da Vinci

Powered by Koha